Sociologie du conflit (notice n° 1568657)

détails MARC
000 -LEADER
fixed length control field 01800cam a2200145 4500500
005 - DATE AND TIME OF LATEST TRANSACTION
control field 20251214005055.0
041 ## - LANGUAGE CODE
Language code of text/sound track or separate title fre
042 ## - AUTHENTICATION CODE
Authentication code dc
100 10 - MAIN ENTRY--PERSONAL NAME
Personal name Bulle, Sylvaine
Relator term author
245 00 - TITLE STATEMENT
Title Sociologie du conflit
260 ## - PUBLICATION, DISTRIBUTION, ETC.
Name of publisher, distributor, etc. Armand Colin,<br/>
Date of publication, distribution, etc. 2021.<br/>
520 ## - SUMMARY, ETC.
Summary, etc. Toute société est traversée par de multiples conflits, et c’est cette conflictualité irréductible qui permet aux sociétés de changer dans le temps. C'est ce que démontre ce livre, pionnier sur la question de la conflictualité sociale en France. Son but est tout d'abord de délimiter un champ de recherches, qui ne se confond pas avec la sociologie de l'action collective, mais l'englobe par ses questionnements  : comment et pourquoi des conflits sociaux naissent-ils dans une société donnée  ? A-t-on affaire à des conflits structurellement différents entre les sociétés traditionnelles et les sociétés modernes, les sociétés industrielles et les sociétés post-industrielles  ? Quels effets les conflits produisent-ils sur l’organisation sociale, sur les liens sociaux et sur les processus de socialisation  ? Comment les analyser aux échelles «  macro  » et «  micro  »  ? Comment objectiver leur contribution au changement social  ? L'ambition de ce manuel est aussi d'examiner la diversification extrême des conflits sociaux ultra-contemporains (de classe, de race, de genre, post-coloniaux, intersectionnels, urbains, au travail, dans les organisations, etc.), en distinguant plus particulièrement trois familles  : les luttes autonomes, les luttes subalternes et les nouvelles luttes à l’heure de la crise climatique.
700 10 - ADDED ENTRY--PERSONAL NAME
Personal name Tarragoni, Federico
Relator term author
856 41 - ELECTRONIC LOCATION AND ACCESS
Uniform Resource Identifier <a href="https://shs.cairn.info/sociologie-du-conflit--9782200627270?lang=fr&redirect-ssocas=7080">https://shs.cairn.info/sociologie-du-conflit--9782200627270?lang=fr&redirect-ssocas=7080</a>

Pas d'exemplaire disponible.

PLUDOC

PLUDOC est la plateforme unique et centralisée de gestion des bibliothèques physiques et numériques de Guinée administré par le CEDUST. Elle est la plus grande base de données de ressources documentaires pour les Étudiants, Enseignants chercheurs et Chercheurs de Guinée.

Adresse

627 919 101/664 919 101

25 boulevard du commerce
Kaloum, Conakry, Guinée

Réseaux sociaux

Powered by Netsen Group @ 2025